La última fiesta (Record no. 18002)

MARC details
000 -LEADER
campo de control de longitud fija 00913nam a2200301 i 4500
001 - NÚMERO DE CONTROL
campo de control 18002
003 - IDENTIFICADOR DE NÚMERO DE CONTROL
campo de control ES-MaACL
005 - FECHA Y HORA DE LA ÚLTIMA TRANSACCIÓN
campo de control 20230906151733.0
007 - CAMPO FIJO DE DESCRIPCIÓN FÍSICA--INFORMACIÓN GENERAL
campo de control de longitud fija t|
008 - DATOS DE LONGITUD FIJA--INFORMACIÓN GENERAL
campo de control de longitud fija 010807s2000 sp ||||0| spa j
020 ## - NÚMERO INTERNACIONAL ESTÁNDAR DEL LIBRO
Número Internacional Estándar del Libro 84-7765-184-1
040 ## - FUENTE DE CATALOGACIÓN
Centro catalogador/agencia de origen M-BN
Lengua de catalogación spa
Centro/agencia transcriptor M-BN
080 ## - NÚMERO DE LA CLASIFICACIÓN DECIMAL UNIVERSAL
Número de la Clasificación Decimal Universal 929 Mailer, Adele
080 ## - NÚMERO DE LA CLASIFICACIÓN DECIMAL UNIVERSAL
Número de la Clasificación Decimal Universal 929 Mailer, Norman
100 1# - ENTRADA PRINCIPAL--NOMBRE DE PERSONA
Nombre de persona Mailer, Adele.
9 (RLIN) 75571
245 13 - MENCIÓN DEL TÍTULO
Título La última fiesta
Resto del título : escenas de mi vida con Norman Mailer /
Mención de responsabilidad, etc. Adele Mailer ; traducción de Beatriz López-Buisán.
250 ## - MENCION DE EDICION
Mención de edición 1ª ed.
260 ## - PUBLICACIÓN, DISTRIBUCIÓN, ETC.
Lugar de publicación, distribución, etc. Barcelona :
Nombre del editor, distribuidor, etc. Circe,
Fecha de publicación, distribución, etc. 2000.
300 ## - DESCRIPCIÓN FÍSICA
Extensión 353 p., [8] p. de lám ;
Dimensiones 21 cm.
490 1# - MENCIÓN DE SERIE
Mención de serie Testimonio Circe
600 14 - PUNTO DE ACCESO ADICIONAL DE MATERIA--NOMBRE DE PERSONA
Nombre de persona Mailer, Norman.
9 (RLIN) 75572
600 14 - PUNTO DE ACCESO ADICIONAL DE MATERIA--NOMBRE DE PERSONA
Nombre de persona Mailer, Adele.
9 (RLIN) 75571
700 1# - ENTRADA AGREGADA--NOMBRE PERSONAL
Nombre de persona López-Buisán, Beatriz.
9 (RLIN) 73472
830 0# - PUNTO DE ACCESO ADICIONAL DE SERIE-TÍTULO UNIFORME
Título uniforme Testimonio Circe
9 (RLIN) 190200
852 ## - LOCALIZACIÓN
Ubicación ES-MaACL
Número de control de estantería L-24796
Sublocalización o colección R.130188
Holdings
Estatus retirado Estado de pérdida Estado de daño No para préstamo Biblioteca de origen Biblioteca actual Ubicación en estantería Fecha de adquisición Fuente de adquisición Total de préstamos Signatura topográfica completa Código de barras Visto por última vez Precio de reemplazo Tipo de ítem Koha
        Biblioteca del Ateneo de Madrid Biblioteca del Ateneo de Madrid Depósito 2 17/01/2008     L-24796 1018393 23/02/2023 23/02/2023 Libro impreso